000
00308nam a22001337a 4500
008
181105b xxu||||| |||| 00| 0 eng d
020
_a
0393015130
041
_a
eng
080
_a
821
100
_a
25
101
_a
GJU
245
_a
Dictionary Of American Negro Biography
_c
Logan.R.W
942
_2
udc
_c
BK
999
_c
51820
_d
51820